000 00609nam a2200217Ia 4500
003 GCL
008 140319s9999 xx 000 0 ara d
040 _aGCL /
_cGCL
082 0 4 _a811.9962
_bا د
100 1 _aاحمد رامى
245 1 0 _aديوان رامى /
_cاحمد رامى
260 _a[S.N] :
_bدار العودة للصحافة والطباعه
300 _a485 ص
490 _a
650 0 4 _aالشعر العربى
650 0 4 _aالعصر الحديث
650 0 4 _aدواوين وقصائد
650 0 4 _aاحمد رامى
650 0 4 _aالمجموعات
942 _2ddc
_cBK
999 _c29390
_d29390